000 00305nam a2200121Ia 4500
008 190216s9999||||xx |||||||||||||| ||und||
100 _aLee G D
245 0 _aConcise Of Inorganic Chemistry
260 _bEnglish Language Book Society
_c1977
300 _a505p
650 _aChemistry-Chemistry
942 _cBK
999 _c2954
_d2954